GODAN (Record no. 3694)
[ view plain ]
| 000 -LEADER | |
|---|---|
| fixed length control field | 00587nam a22001457a 4500 |
| 020 ## - INTERNATIONAL STANDARD BOOK NUMBER | |
| ISBN | 81-7224-219-0 |
| 082 ## - DEWEY DECIMAL CLASSIFICATION NUMBER | |
| Classification number | 823 |
| Item number | PRE/G |
| 100 ## - MAIN ENTRY--AUTHOR NAME | |
| Personal name | PREMCHAND |
| 245 ## - TITLE STATEMENT | |
| Title | GODAN |
| Remainder of title | A NOVEL OF PEASANT INDIA |
| 260 ## - PUBLICATION, DISTRIBUTION, ETC. (IMPRINT) | |
| Place of publication | MUMBAI |
| Name of publisher | JAICO |
| Year of publication | 2017 |
| 300 ## - PHYSICAL DESCRIPTION | |
| Number of Pages | 339 |
| 520 ## - SUMMARY, ETC. | |
| Summary, etc | Godan is a classic Hindi novel written by Munshi Premchand that revolves around the lives of people living in rural India. The novel, published in 1936, has been widely acclaimed for its accurate portrayal of the socio-economic conditions of rural India in the pre-independence era. |
| 650 ## - SUBJECT ADDED ENTRY--TOPICAL TERM | |
| Topical Term | NOVEL |
| Geographic subdivision | INDIA |
| 942 ## - ADDED ENTRY ELEMENTS (KOHA) | |
| Koha item type | Books |
| Withdrawn status | Lost status | Collection code | Home library | Current library | Shelving location | Date acquired | Source of acquisition | Cost, normal purchase price | Full call number | Accession Number | Koha item type |
|---|---|---|---|---|---|---|---|---|---|---|---|
| Fiction | Main Library | Main Library | SHELF-14-J- ALPHABETICAL P,Q --ENGLISH NOVELS & FICTIONS | 18/01/2019 | purchase | 299.00 | 823 PRE/G | 10497 | Books |